Statistiques concernant Ville à pays n°11

Cliquez ici pour prendre le quiz!

Statistiques générales

  • Ce quiz a été pris 57 fois
  • Le résultat moyen est 11 sur 15

Statistiques - réponses

Ville Et pays % Correct
EdinburghRoyaume-Uni
100%
AnversBelgique
98%
CincinnatiÉtats-Unis
96%
LouxorEgypte
96%
PerthAustralie
90%
WinnipegCanada
88%
SowetoAfrique du Sud
80%
ManausBrésil
76%
LinzAutriche
73%
MedineArabie saoudite
65%
AdenYemen
63%
KandaharAfghanistan
59%
PécsHongrie
59%
NarvaEstonie
24%
MekeleEthiopie
16%

Distribution des résultats

Percentile by Number Answered

% des personnes avec chaque résultat

Votre développement - résultats

Vous n’avez pas pris ce quiz